LEADER 00756nam 2200229 450 001 9910979685903321 005 20250220170117.0 010 $a9788815389572 100 $a20250220d2024----u y0engy50 ba 101 0 $aita 102 $aIT 105 0 $a 00 200 1 $aRapporto annuale sull'economia dell'immigrazione$eedizione 2024$ele conseguenze economiche della recessione demografica$fFondazione Leone Moressa 210 $aBologna$cil Mulino$d2024 610 0 $aImmigrazione$aStranieri$aItalia 676 $a331.62$V23$zita 710 02$aFondazione Leone Moressa$0479608 912 $a9910979685903321 952 $a331.62 MOR 12$b12547$fbfs 959 $aBFS 996 $aRapporto annuale sull'economia dell'immigrazione$940546 997 $aUNINA